[Event "BL 0708 SC Remagen - SK Zehlendorf"]
[Site "?"]
[Date "2007.12.09"]
[Round "6.8"]
[White "Swinkels, Robin"]
[Black "Berger, Steve"]
[Result "1-0"]
[WhiteElo "2433"]
[BlackElo "2410"]
[PlyCount "119"]
[EventDate "2007.??.??"]

1. e4 e6 2. d4 d5 3. Nc3 Bb4 4. e5 c5 5. a3 Bxc3+ 6. bxc3 Ne7 7. Qg4 O-O 8. Bd3
f5 9. exf6 Rxf6 10. Bg5 Rf7 11. Qh5 g6 12. Qd1 Nbc6 13. Nf3 Qf8 14. O-O c4 15.
Be2 h6 16. Bc1 Qg7 17. a4 g5 18. h3 Ng6 19. Nh2 Bd7 20. Bh5 Kh7 21. Re1 Raf8
22. Ba3 Rg8 23. Bd6 Rf6 24. Ng4 Rf5 25. Bxg6+ Qxg6 26. Ne5 Nxe5 27. Bxe5 g4 28.
hxg4 h5 29. g3 hxg4 30. Kg2 Rh5 31. Qe2 Qf5 32. Rh1 Rgg5 33. a5 Rxh1 34. Rxh1+
Rh5 35. Rxh5+ Qxh5 36. Qd1 Be8 37. Qb1 Qf7 38. Bf4 Kg6 39. Qb4 Kh7 40. Kg1 Qd7
41. Qf8 Qf7 42. Qh6+ Kg8 43. Be5 Qg6 44. Qh4 Qh5 45. Qd8 a6 46. Qb8 Qf7 47. Bc7
Qg6 48. Be5 Qf7 49. Qd8 Kh7 50. Qh4+ Qh5 51. Qf6 Qf7 52. Qh8+ Kg6 53. Bf4 Kf5
54. Kg2 Ba4 55. Qe5+ Kg6 56. Qg5+ Kh7 57. Qh6+ Kg8 58. Be5 Qf3+ 59. Kg1 Kf7 60.
Qg7+ 1-0

[Event "BL 0708 Godesberger SK - SC Kreuzberg"]
[Site "?"]
[Date "2007.12.09"]
[Round "6.1"]
[White "Sargissian, Gabriel"]
[Black "Kasimdzhanov, Rustam"]
[Result "1/2-1/2"]
[WhiteElo "2673"]
[BlackElo "2690"]
[PlyCount "44"]
[EventDate "2007.??.??"]

1. d4 d5 2. c4 c6 3. Nf3 Nf6 4. e3 Bg4 5. h3 Bxf3 6. Qxf3 e6 7. Nc3 Nbd7 8. Bd3
Bd6 9. cxd5 cxd5 10. O-O O-O 11. Bd2 a6 12. a4 Bb4 13. Qd1 Nb8 14. Na2 Bxd2 15.
Qxd2 Nc6 16. b4 e5 17. b5 axb5 18. dxe5 Ne4 19. Bxe4 dxe4 20. Qxd8 Raxd8 21.
axb5 Nxe5 22. Nc3 f5 1/2-1/2

[Event "BL 0708 Godesberger SK - SC Kreuzberg"]
[Site "?"]
[Date "2007.12.09"]
[Round "6.2"]
[White "Lutz, Christopher"]
[Black "Socko, Bartosz"]
[Result "0-1"]
[WhiteElo "2588"]
[BlackElo "2646"]
[PlyCount "176"]
[EventDate "2007.??.??"]

1. e4 e6 2. d4 d5 3. Nc3 Nf6 4. Bg5 Bb4 5. e5 h6 6. Bd2 Bxc3 7. bxc3 Ne4 8. Qg4
Kf8 9. Bd3 Nxd2 10. Kxd2 c5 11. h4 c4 12. Be2 b5 13. Nh3 Nc6 14. a3 Qa5 15. Qf4
Ke7 16. Qe3 Bd7 17. Nf4 Rag8 18. g4 Kd8 19. Nh5 Kc8 20. f4 Qd8 21. Bf3 Ne7 22.
Ng3 a5 23. Bg2 g6 24. Bf3 Nc6 25. Ne2 Ne7 26. Ng3 Nc6 27. Be2 Qb6 28. Rhb1 Kc7
29. h5 b4 30. hxg6 fxg6 31. axb4 axb4 32. cxb4 Nxd4 33. Ra5 Nb5 34. Qc5+ Qxc5
35. bxc5 Rb8 36. f5 gxf5 37. gxf5 Rhg8 38. fxe6 Bxe6 39. Nh5 Nd4 40. Rxb8 Kxb8
41. Nf4 Rg5 42. Nxe6 Nxe6 43. c6 Nf4 44. Bf1 Rg1 45. Ke1 Rg3 46. Kf2 Rc3 47. e6
Nxe6 48. Rxd5 Kc7 49. Rd7+ Kxc6 50. Rh7 Rxc2+ 51. Ke3 Rc1 52. Be2 Rc3+ 53. Kd2
Rh3 54. Bxc4 Ng5 55. Rh8 Kc5 56. Ba6 Kd4 57. Bb7 Rh2+ 58. Ke1 Ke3 59. Re8+ Kf4
60. Re2 Rh3 61. Kf2 Rb3 62. Bc6 Rc3 63. Bb7 Kg4 64. Kg2 Nh3 65. Kh2 Nf4 66. Rb2
h5 67. Ra2 Rh3+ 68. Kg1 Rb3 69. Be4 Re3 70. Bg2 Kg3 71. Bf1 h4 72. Ra8 Kf3 73.
Rb8 Ra3 74. Rc8 h3 75. Rb8 Ra1 76. Rb3+ Kg4 77. Rb2 Rc1 78. Ra2 Rb1 79. Rc2 Nd5
80. Re2 Ra1 81. Re5 Nf4 82. Re8 Kf3 83. Rb8 Rc1 84. Rb3+ Kg4 85. Rb8 Ra1 86.
Rb2 Re1 87. Ra2 h2+ 88. Rxh2 Kg3 0-1

[Event "BL 0708 Godesberger SK - SC Kreuzberg"]
[Site "?"]
[Date "2007.12.09"]
[Round "6.3"]
[White "Gagunashvili, Merab"]
[Black "Kveinys, Aloyzas"]
[Result "1/2-1/2"]
[WhiteElo "2584"]
[BlackElo "2517"]
[PlyCount "34"]
[EventDate "2007.??.??"]

1. d4 Nf6 2. c4 e6 3. Nc3 d5 4. Nf3 Nbd7 5. Bg5 Be7 6. e3 O-O 7. Qc2 c5 8. cxd5
Nxd5 9. Bxe7 Qxe7 10. Nxd5 exd5 11. dxc5 Nxc5 12. Be2 Be6 13. O-O Rac8 14. Rac1
d4 15. Nxd4 Nb3 16. axb3 Rxc2 17. Rxc2 Rc8 1/2-1/2

[Event "BL 0708 Godesberger SK - SC Kreuzberg"]
[Site "?"]
[Date "2007.12.09"]
[Round "6.4"]
[White "Likavsky, Tomas"]
[Black "Luther, Thomas"]
[Result "1/2-1/2"]
[WhiteElo "2496"]
[BlackElo "2534"]
[PlyCount "90"]
[EventDate "2007.??.??"]

1. d4 d5 2. c4 dxc4 3. e4 b5 4. a4 c6 5. axb5 cxb5 6. b3 e5 7. Nf3 Bg4 8. bxc4
Bxf3 9. gxf3 Bb4+ 10. Bd2 Bxd2+ 11. Nxd2 Qxd4 12. cxb5 Ne7 13. Qa4 Qxa4 14.
Rxa4 Nd7 15. Bh3 Nb6 16. Ra6 Ng6 17. O-O Nf4 18. Bg2 O-O 19. Rfa1 Rad8 20. Nb3
Rd3 21. Na5 h5 22. Nc6 Re8 23. Rxa7 Re6 24. R7a3 Rxa3 25. Rxa3 Rd6 26. Ra1 Nc4
27. h4 Kh7 28. Kh1 Rg6 29. Rg1 Nd3 30. Bf1 Rd6 31. Bxd3 Rxd3 32. Rc1 Nb6 33.
Nxe5 Rb3 34. Rc5 f6 35. Nc4 Nxc4 36. Rxc4 Rxb5 37. Kg2 Rb2 38. Rc6 Kh6 39. e5
Kg6 40. f4 Kf5 41. exf6 gxf6 42. Rc5+ Kg4 43. Rc6 Kxf4 44. Rxf6+ Kg4 45. Rg6+
Kxh4 1/2-1/2

[Event "BL 0708 Godesberger SK - SC Kreuzberg"]
[Site "?"]
[Date "2007.12.09"]
[Round "6.5"]
[White "Tischbierek, Raj"]
[Black "Jackelen, Thomas"]
[Result "1/2-1/2"]
[WhiteElo "2487"]
[BlackElo "2437"]
[PlyCount "77"]
[EventDate "2007.??.??"]

1. e4 e6 2. d4 d5 3. Nc3 Nf6 4. Bg5 dxe4 5. Nxe4 Nbd7 6. Nf3 h6 7. Nxf6+ Nxf6
8. Be3 Nd5 9. Bd2 c5 10. Ne5 a6 11. c4 Nf6 12. Qa4+ Nd7 13. Bc3 cxd4 14. Bxd4
Qc7 15. Nf3 b6 16. Rd1 Ra7 17. Be2 Bb7 18. O-O Qc6 19. Qc2 Nf6 20. Qd2 Be7 21.
Qe3 Bc5 22. Bxf6 gxf6 23. Qf4 Ke7 24. Nh4 Bd6 25. Qg4 Qe4 26. Qh3 Be5 27. Rfe1
Rd8 28. Nf3 Bxb2 29. Rxd8 Kxd8 30. Qxh6 Ke7 31. Qd2 Ba3 32. Bf1 Qc6 33. Nd4 Qc5
34. Rd1 Qc7 35. Nf5+ Ke8 36. Ng7+ Ke7 37. Nf5+ Ke8 38. Nd6+ Ke7 39. Nf5+
1/2-1/2

[Event "BL 0708 Godesberger SK - SC Kreuzberg"]
[Site "?"]
[Date "2007.12.09"]
[Round "6.6"]
[White "Dranov, Alexander"]
[Black "Kalinitschew, Sergey"]
[Result "0-1"]
[WhiteElo "2439"]
[BlackElo "2489"]
[PlyCount "71"]
[EventDate "2007.??.??"]

1. e4 c5 2. Nf3 Nc6 3. d4 cxd4 4. Nxd4 e5 5. Nb5 d6 6. N1c3 a6 7. Na3 Be6 8.
Nc4 Rb8 9. Bd3 Nf6 10. Bg5 Be7 11. O-O O-O 12. Ne3 Rc8 13. Bxf6 Bxf6 14. Ncd5
Bg5 15. c3 Ne7 16. Qh5 Nxd5 17. Nxd5 g6 18. Qd1 Bxd5 19. exd5 f5 20. Qb3 Rf7
21. Rfe1 h5 22. f3 h4 23. g3 hxg3 24. hxg3 Bd2 25. Re2 Qg5 26. Kf2 e4 27. Qd1
e3+ 28. Kg2 f4 29. g4 Rh7 30. Qg1 Qh4 31. Kf1 Qh3+ 32. Qg2 Qh1+ 33. Qxh1 Rxh1+
34. Kg2 Rxa1 35. Bxg6 Kg7 36. Bh5 0-1

[Event "BL 0708 Godesberger SK - SC Kreuzberg"]
[Site "?"]
[Date "2007.12.09"]
[Round "6.7"]
[White "Volke, Karsten"]
[Black "Schmidt, Bodo"]
[Result "1/2-1/2"]
[WhiteElo "2472"]
[BlackElo "2370"]
[PlyCount "90"]
[EventDate "2007.??.??"]

1. d4 d5 2. c4 c6 3. Nf3 Nf6 4. e3 g6 5. Nc3 Bg7 6. h3 O-O 7. Bd3 a6 8. O-O b5
9. c5 a5 10. a3 Bf5 11. Bxf5 gxf5 12. Ne5 Qc8 13. Bd2 Nbd7 14. Nd3 Kh8 15. f3
Qc7 16. Be1 Rg8 17. Bh4 Rae8 18. Qc2 e6 19. Rae1 Nf8 20. Ne5 Ng6 21. Bg3 Nxe5
22. Bxe5 Qd7 23. b4 axb4 24. axb4 Nh5 25. Bh2 f4 26. Qd3 fxe3 27. Rxe3 Qd8 28.
Ne2 Bh6 29. f4 f5 30. Kh1 Nf6 31. Ng1 Qc7 32. Nf3 Ne4 33. Ne5 Bg7 34. Qe2 Bxe5
35. fxe5 Qe7 36. Ra3 Ra8 37. Ra5 Qh4 38. Qe3 Rge8 39. Qf4 Qh5 40. Qf3 Qg5 41.
Bf4 Qh4 42. Kh2 Ng5 43. Qf2 Qh5 44. Bxg5 Qxg5 45. Rfa1 Qg8 1/2-1/2

[Event "BL 0708 Godesberger SK - SC Kreuzberg"]
[Site "?"]
[Date "2007.12.09"]
[Round "6.8"]
[White "Armbruster, Alexander"]
[Black "Paehtz, Elisabeth"]
[Result "0-1"]
[WhiteElo "2353"]
[BlackElo "2452"]
[PlyCount "64"]
[EventDate "2007.??.??"]

1. d4 d5 2. c4 c6 3. Nf3 Nf6 4. Nc3 dxc4 5. a4 Bf5 6. Ne5 Nbd7 7. Nxc4 Nb6 8.
Ne5 a5 9. g3 Nfd7 10. Nxd7 Qxd7 11. e4 Bh3 12. Bxh3 Qxh3 13. Qb3 Ra6 14. d5 e6
15. dxe6 Qxe6 16. Qxe6+ fxe6 17. Be3 Nc4 18. Bc1 Rb6 19. Ra2 Bc5 20. Ke2 O-O
21. f3 Rd8 22. Rd1 Rxd1 23. Nxd1 Rb4 24. Bf4 Bd4 25. Bc7 b6 26. b3 Rxb3 27. Rc2
b5 28. f4 Ra3 29. axb5 cxb5 30. e5 a4 31. Bd8 Rb3 32. f5 Kf7 0-1

[Event "BL 0708 OSC Baden Baden - Hamburger SK"]
[Site "?"]
[Date "2007.12.09"]
[Round "6.1"]
[White "Wojtaszek, Radoslav"]
[Black "Anand, Viswanathan"]
[Result "1/2-1/2"]
[WhiteElo "2635"]
[BlackElo "2801"]
[PlyCount "59"]
[EventDate "2007.??.??"]

1. d4 d5 2. c4 c6 3. Nf3 Nf6 4. Qc2 dxc4 5. Qxc4 Bf5 6. g3 e6 7. Bg2 Nbd7 8.
O-O Be7 9. Nc3 O-O 10. Re1 Ne4 11. Qb3 Qb6 12. Nh4 Bxh4 13. gxh4 Nef6 14. Qxb6
axb6 15. e4 Bg6 16. Bf4 Rfe8 17. Bd6 b5 18. b3 e5 19. d5 b4 20. dxc6 bxc3 21.
cxd7 Nxd7 22. Re2 Nf6 23. Bb4 Nh5 24. Bxc3 Nf4 25. Re3 Nxg2 26. Kxg2 f6 27. a4
Rac8 28. f3 Bf7 29. b4 Rc4 30. Kf2 1/2-1/2

[Event "BL 0708 OSC Baden Baden - Hamburger SK"]
[Site "?"]
[Date "2007.12.09"]
[Round "6.3"]
[White "Ftacnik, Lubomir Dr"]
[Black "Vallejo Pons, Francisco"]
[Result "1-0"]
[WhiteElo "2553"]
[BlackElo "2660"]
[PlyCount "85"]
[EventDate "2007.??.??"]

1. c4 e5 2. g3 Nf6 3. Bg2 d5 4. cxd5 Nxd5 5. Nc3 Nb6 6. d3 Be7 7. Be3 O-O 8.
Rc1 Re8 9. Nf3 Nc6 10. O-O Bf8 11. Ne4 Nd4 12. Nc5 g6 13. Re1 c6 14. Bd2 a5 15.
e3 Nxf3+ 16. Bxf3 Nd5 17. a3 Qb6 18. Na4 Qa6 19. Qc2 Rd8 20. Be2 Qa7 21. e4 Nc7
22. Bg5 Bh3 23. Bf1 Bg4 24. h3 Be6 25. Bxd8 Rxd8 26. Nc5 Nb5 27. Nxe6 fxe6 28.
Qd2 Nd4 29. Bg2 Bd6 30. Rf1 Qb6 31. Rb1 Nb3 32. Qc2 Rf8 33. Kh1 g5 34. Qd1 Rf6
35. Qh5 Rg6 36. f4 gxf4 37. gxf4 Nd2 38. f5 exf5 39. exf5 Nxf1 40. Rxf1 Rf6 41.
Rg1 Kh8 42. Qg5 Be7 43. Qg8+ 1-0

[Event "BL 0708 OSC Baden Baden - Hamburger SK"]
[Site "?"]
[Date "2007.12.09"]
[Round "6.6"]
[White "Dautov, Rustem"]
[Black "Heinemann, Thies"]
[Result "1/2-1/2"]
[WhiteElo "2590"]
[BlackElo "2478"]
[PlyCount "57"]
[EventDate "2007.??.??"]

1. d4 Nf6 2. c4 e6 3. Nf3 b6 4. g3 Ba6 5. b3 Bb7 6. Bg2 Bb4+ 7. Bd2 Be7 8. Nc3
d5 9. cxd5 exd5 10. O-O O-O 11. Qc2 Na6 12. Rfd1 Qc8 13. Ng5 g6 14. Nh3 Rd8 15.
Nf4 c5 16. Rac1 Bc6 17. Be3 Qb7 18. h3 Rac8 19. Qb1 Nc7 20. a3 Nb5 21. Nxb5
Bxb5 22. a4 Ba6 23. g4 c4 24. g5 Ne8 25. h4 Ng7 26. Bh3 Rc6 27. Bg2 Rcc8 28.
Bh3 Rc6 29. Bg2 1/2-1/2

[Event "BL 0708 OSC Baden Baden - Hamburger SK"]
[Site "?"]
[Date "2007.12.09"]
[Round "6.7"]
[White "Reeh, Oliver"]
[Black "Schlosser, Philipp"]
[Result "1/2-1/2"]
[WhiteElo "2427"]
[BlackElo "2579"]
[PlyCount "88"]
[EventDate "2007.??.??"]

1. e4 e5 2. Nf3 Nc6 3. Bb5 a6 4. Ba4 Nf6 5. d3 d6 6. c3 g6 7. Nbd2 Bg7 8. Bxc6+
bxc6 9. d4 Nd7 10. O-O O-O 11. Re1 exd4 12. cxd4 c5 13. d5 Nb6 14. Nf1 Re8 15.
Ng3 Bg4 16. Rb1 Bxf3 17. gxf3 c6 18. dxc6 Qc7 19. b3 Qxc6 20. Bb2 d5 21. Bxg7
Kxg7 22. Rc1 Rac8 23. Qd2 Qf6 24. Kg2 c4 25. bxc4 Nxc4 26. Qxd5 Red8 27. Qb7
Rb8 28. Qc7 Ne5 29. Re3 Rb2 30. Rc2 Rb1 31. f4 Ng4 32. e5 Nxe3+ 33. fxe3 Qb6
34. Qxb6 Rxb6 35. Ne4 Rdb8 36. Rc7 h6 37. Nd6 Rf8 38. Kf3 Kg8 39. Ke4 Rb2 40.
a4 Rb4+ 41. Kd5 Rxa4 42. e6 fxe6+ 43. Kxe6 a5 44. Ra7 Ra3 1/2-1/2

[Event "BL 0708 OSC Baden Baden - Hamburger SK"]
[Site "?"]
[Date "2007.12.09"]
[Round "6.8"]
[White "Doettling, Fabian"]
[Black "Huschenbeth, Niclas"]
[Result "1-0"]
[WhiteElo "2541"]
[BlackElo "2318"]
[PlyCount "61"]
[EventDate "2007.??.??"]

1. d4 Nf6 2. Nf3 c5 3. d5 e6 4. c4 exd5 5. cxd5 d6 6. Nc3 g6 7. e4 Bg7 8. h3
O-O 9. Bd3 Nbd7 10. O-O Qe7 11. Re1 a6 12. a4 b6 13. Bf4 Ne5 14. Nxe5 dxe5 15.
Bg5 Qd6 16. Nb1 Ne8 17. Na3 h6 18. Be3 f5 19. f3 f4 20. Bf2 Qc7 21. b4 cxb4 22.
Qb3 Rf6 23. Qxb4 Bf8 24. Qb2 Bc5 25. Bxc5 Qxc5+ 26. Kh1 Ng7 27. Rec1 Qe3 28.
Nc4 Qxd3 29. Nxe5 Qe3 30. Nc4 Qd3 31. Ra3 1-0

[Event "BL 0708 SG Turm Trier - Werder Bremen"]
[Site "?"]
[Date "2007.12.09"]
[Round "6.1"]
[White "Efimenko, Zahar"]
[Black "Flumbort, Andras"]
[Result "1-0"]
[WhiteElo "2624"]
[BlackElo "2499"]
[PlyCount "149"]
[EventDate "2007.??.??"]

1. d4 Nf6 2. c4 c6 3. Nf3 d5 4. e3 g6 5. Nc3 Bg7 6. Bd3 O-O 7. h3 c5 8. dxc5
dxc4 9. Bxc4 Qa5 10. O-O Qxc5 11. Qe2 Nc6 12. e4 Nd7 13. Be3 Qh5 14. Rac1 Nde5
15. Nxe5 Qxe2 16. Bxe2 Bxe5 17. Rfd1 Be6 18. Nd5 Bxb2 19. Rb1 Ba3 20. Nc7 Rab8
21. Nxe6 fxe6 22. Rd7 b6 23. Bb5 Rfc8 24. Bxc6 Rxc6 25. Rxa7 Bd6 26. Rb5 Kf7
27. a4 Bc7 28. g3 Rd8 29. Kg2 Rd3 30. Ra8 Rc2 31. Kf3 Ra3 32. Rb4 Rca2 33. Rc4
Bd6 34. Rcc8 e5 35. Rh8 h5 36. Rh7+ Ke6 37. Rg8 Kf6 38. Rhg7 Bc5 39. Rxg6+ Kf7
40. R8g7+ Kf8 41. Rg8+ Kf7 42. R8g7+ Kf8 43. Rh7 Rd2 44. Rxh5 Kf7 45. Rc6 Bxe3
46. fxe3 Rdd3 47. Rh7+ Ke8 48. Rc7 Rxe3+ 49. Kg4 Rxg3+ 50. Kf5 Rxh3 51. Rhxe7+
Kf8 52. Red7 Ke8 53. Rg7 Kf8 54. Rcf7+ Ke8 55. Ra7 Raf3+ 56. Kxe5 Kf8 57. Rgb7
Kg8 58. Rxb6 Rf8 59. Re6 Rh5+ 60. Kd6 Rd8+ 61. Kc6 Rc8+ 62. Kb6 Rb8+ 63. Kc7
Rb4 64. Kd8 Rb8+ 65. Kd7 Kf8 66. Rf6+ Kg8 67. Raa6 Rh7+ 68. Ke6 Re8+ 69. Kd5
Rhe7 70. Rf4 Rd7+ 71. Kc4 Rc8+ 72. Kb5 Rc1 73. Rg6+ Kh7 74. Rg2 Rb1+ 75. Kc6
1-0

[Event "BL 0708 SG Turm Trier - Werder Bremen"]
[Site "?"]
[Date "2007.12.09"]
[Round "6.2"]
[White "Seger, Ruediger"]
[Black "Areshchenko, Alexander"]
[Result "0-1"]
[WhiteElo "2395"]
[BlackElo "2638"]
[PlyCount "86"]
[EventDate "2007.??.??"]

1. e4 c5 2. c3 d6 3. d4 Nf6 4. Bd3 Qc7 5. Nf3 g6 6. O-O Bg7 7. h3 O-O 8. Be3
Nfd7 9. Re1 Nc6 10. Nbd2 a6 11. a3 b5 12. Bf1 Nb6 13. Qc2 c4 14. d5 Na5 15. Nd4
e5 16. dxe6 fxe6 17. Rad1 e5 18. N4f3 Kh8 19. g3 Na4 20. Bg2 Nb7 21. Re2 Nbc5
22. Ne1 Bb7 23. Nf1 Nb3 24. Nd2 Nbc5 25. Nf1 a5 26. h4 Nb3 27. Nd2 Nac5 28.
Nxb3 Nxb3 29. Nf3 Bc8 30. Nh2 b4 31. Ree1 bxa3 32. bxa3 Nc5 33. Bf1 Be6 34. Bg5
h6 35. Bc1 Qc6 36. Re3 Rab8 37. Be2 d5 38. exd5 Bxd5 39. h5 e4 40. hxg6 Nd3 41.
Rf1 Qxg6 42. Bd1 Rb3 43. Qd2 Bxc3 0-1

[Event "BL 0708 SG Turm Trier - Werder Bremen"]
[Site "?"]
[Date "2007.12.09"]
[Round "6.4"]
[White "Cioara, Andrei Nestor"]
[Black "Hracek, Zbynek"]
[Result "1/2-1/2"]
[WhiteElo "2428"]
[BlackElo "2598"]
[PlyCount "139"]
[EventDate "2007.??.??"]

1. d4 Nf6 2. c4 e6 3. g3 c5 4. d5 exd5 5. cxd5 d6 6. Nc3 g6 7. Bg2 Bg7 8. Nf3
O-O 9. O-O Re8 10. Bf4 Nh5 11. Bg5 Qb6 12. Qc1 Bg4 13. Bh6 Bxf3 14. Bxf3 Nf6
15. Bxg7 Kxg7 16. Rb1 Nbd7 17. b3 a6 18. h3 Qa5 19. Qb2 b5 20. Ne4 Qb6 21. Bg2
h5 22. Kh2 Rac8 23. Rbc1 Re7 24. f4 Rce8 25. Nxf6 Nxf6 26. e4 Rxe4 27. Bxe4
Rxe4 28. Rcd1 Qb7 29. Rf2 Qe7 30. Rdd2 b4 31. a3 bxa3 32. Qxa3 Re3 33. Qa1 Rxb3
34. Rfe2 Qd7 35. Qxa6 h4 36. g4 Nxg4+ 37. hxg4 Qxg4 38. Qa1+ Kh7 39. Qf1 Rf3
40. Rf2 Qxf4+ 41. Kh1 Qxd2 42. Rxf3 Qxd5 43. Qd3 Qb7 44. Kh2 d5 45. Qe3 d4 46.
Qf4 f5 47. Qxh4+ Kg7 48. Qg3 Kf7 49. Rf1 c4 50. Re1 c3 51. Qh4 Qc7+ 52. Kh3 Qd6
53. Qh7+ Kf6 54. Rg1 Ke5 55. Rxg6 Qc5 56. Rg5 Ke4 57. Qh4+ Kd3 58. Qf2 Qd5 59.
Qf1+ Kc2 60. Rg2+ Kb3 61. Qb1+ Kc4 62. Qa2+ Kc5 63. Qa5+ Kc4 64. Qa6+ Qb5 65.
Qa2+ Kb4 66. Qb1+ Kc4 67. Qf1+ Kb4 68. Qb1+ Kc4 69. Qa2+ Kb4 70. Qb1+ 1/2-1/2

[Event "BL 0708 SG Turm Trier - Werder Bremen"]
[Site "?"]
[Date "2007.12.09"]
[Round "6.5"]
[White "Nyback, Tomi"]
[Black "Ionescu, Doru Alexandru"]
[Result "1-0"]
[WhiteElo "2565"]
[BlackElo "2377"]
[PlyCount "65"]
[EventDate "2007.??.??"]

1. d4 Nf6 2. c4 c5 3. d5 e5 4. Nc3 d6 5. e4 Be7 6. Bd3 Nbd7 7. h3 a6 8. Nf3 O-O
9. Be3 Nh5 10. Qd2 g6 11. Ne2 Rb8 12. g4 Ng7 13. a4 Nf6 14. Ng3 Kh8 15. Nh2 Bd7
16. f4 exf4 17. Bxf4 b5 18. O-O bxa4 19. e5 Nfe8 20. Ne4 dxe5 21. Bxe5 Rb3 22.
Nf3 Rxd3 23. Qxd3 f5 24. d6 fxe4 25. dxe7 Qxe7 26. Qxe4 Nf6 27. Qb7 Qe6 28.
Bxf6 Rxf6 29. Qb8+ Ne8 30. Rae1 Qg8 31. Ne5 Be6 32. Rxf6 Nxf6 33. Qd6 1-0

[Event "BL 0708 SG Turm Trier - Werder Bremen"]
[Site "?"]
[Date "2007.12.09"]
[Round "6.6"]
[White "Rat, Dan Ovidiu"]
[Black "Babula, Vlastimil"]
[Result "1/2-1/2"]
[WhiteElo "2322"]
[BlackElo "2596"]
[PlyCount "29"]
[EventDate "2007.??.??"]

1. c4 e5 2. g3 Nf6 3. Bg2 c6 4. d4 e4 5. Nc3 Bb4 6. Qb3 Bxc3+ 7. Qxc3 O-O 8.
Bg5 Re8 9. f3 exf3 10. Nxf3 d6 11. Bxf6 Qxf6 12. O-O Qe7 13. Rae1 Bg4 14. e4
Bxf3 15. Bxf3 1/2-1/2

[Event "BL 0708 SG Turm Trier - Werder Bremen"]
[Site "?"]
[Date "2007.12.09"]
[Round "6.7"]
[White "Fish, Gennadij"]
[Black "Jeitz, Christian"]
[Result "1-0"]
[WhiteElo "2546"]
[BlackElo "2183"]
[PlyCount "87"]
[EventDate "2007.??.??"]

1. e4 c5 2. Nf3 Nc6 3. Bb5 g6 4. Bxc6 dxc6 5. d3 Bg7 6. h3 e5 7. Nc3 Qe7 8. Be3
Nf6 9. Qd2 Nd7 10. Bh6 f6 11. Nh2 Nf8 12. Bxg7 Qxg7 13. f4 exf4 14. Qxf4 Ne6
15. Qh4 O-O 16. O-O-O Nd4 17. Rhf1 b5 18. Nf3 f5 19. Nxd4 cxd4 20. Ne2 c5 21.
Qg5 h6 22. Qg3 Bd7 23. Qd6 Rac8 24. Nf4 Rf6 25. Qd5+ Qf7 26. e5 Ra6 27. Rfe1
Be6 28. Nxe6 Qxe6 29. c4 dxc3 30. Qxe6+ Rxe6 31. bxc3 Rd8 32. Kc2 Rd5 33. d4
Kf7 34. Kd3 cxd4 35. cxd4 Rc6 36. Rc1 Rxc1 37. Rxc1 a5 38. g4 fxg4 39. Ke4 Rd8
40. hxg4 h5 41. gxh5 gxh5 42. d5 h4 43. e6+ Kg6 44. Ke5 1-0

[Event "BL 0708 SG Turm Trier - Werder Bremen"]
[Site "?"]
[Date "2007.12.09"]
[Round "6.8"]
[White "Korman, Maxim"]
[Black "Skripchenko, Almira"]
[Result "1-0"]
[WhiteElo "2113"]
[BlackElo "2438"]
[PlyCount "61"]
[EventDate "2007.??.??"]

1. e4 c5 2. Nc3 e6 3. g3 d5 4. d3 Nf6 5. exd5 exd5 6. Bg5 Be7 7. Bg2 O-O 8.
Nge2 Nbd7 9. d4 cxd4 10. Qxd4 Nb6 11. a4 h6 12. a5 Nbd7 13. Bxf6 Bxf6 14. Qxd5
Bxc3+ 15. Nxc3 Re8+ 16. Kd2 Re5 17. Qd4 Rxa5 18. Rxa5 Qxa5 19. Re1 Qd8 20. Nd5
Kh8 21. Nc7 Qxc7 22. Re8+ Nf8 23. Rxf8+ Kh7 24. Be4+ f5 25. Bd5 Qe7 26. Rf7
Qg5+ 27. f4 Qg6 28. Rf8 Qa6 29. Bg8+ Kg6 30. Bf7+ Kh7 31. Rg8 1-0

[Event "BL 0708 Solinger SG - Erfurter SK"]
[Site "?"]
[Date "2007.12.09"]
[Round "6.3"]
[White "Haba, Petr"]
[Black "Jussupow, Artur"]
[Result "0-1"]
[WhiteElo "2525"]
[BlackElo "2583"]
[PlyCount "80"]
[EventDate "2007.??.??"]

1. e4 e5 2. Nf3 Nc6 3. Bb5 a6 4. Ba4 d6 5. c3 Bd7 6. d4 g6 7. O-O Bg7 8. Re1 h6
9. Be3 Nge7 10. d5 Nb8 11. Bxd7+ Nxd7 12. Nfd2 Bf6 13. c4 Bg5 14. Nc3 Kf8 15.
b4 Kg7 16. Nb3 f5 17. c5 Nf6 18. f4 exf4 19. Nd4 fxe3 20. Ne6+ Kh7 21. Nxd8
Raxd8 22. cxd6 cxd6 23. Qd4 fxe4 24. Nxe4 Nxe4 25. Qxe4 Nf5 26. Rac1 Rd7 27.
Qg4 Re8 28. Re2 Rde7 29. Rc4 b5 30. Rf4 Bxf4 31. Qxf4 Re4 32. Qf3 R8e7 33. Re1
h5 34. a3 Rd4 35. g3 Kg7 36. h3 Ree4 37. Re2 Rc4 38. Kh2 Red4 39. Rg2 Rd2 40.
g4 Rcc2 0-1

[Event "BL 0708 Solinger SG - Erfurter SK"]
[Site "?"]
[Date "2007.12.09"]
[Round "6.4"]
[White "Naumann, Alexander"]
[Black "Kuczynski, Robert"]
[Result "1/2-1/2"]
[WhiteElo "2548"]
[BlackElo "2483"]
[PlyCount "59"]
[EventDate "2007.??.??"]

1. d4 d5 2. c4 c6 3. Nf3 Nf6 4. Nc3 e6 5. Bg5 h6 6. Bh4 dxc4 7. e4 Be7 8. e5
Nd5 9. Bxe7 Qxe7 10. Bxc4 Qb4 11. Qb3 a5 12. O-O Nd7 13. Ne4 Qxb3 14. Bxb3 N7b6
15. a3 Ke7 16. Rfd1 Rd8 17. Nd6 Ra7 18. Rac1 Bd7 19. Nd2 f5 20. f3 Nc8 21.
Nxc8+ Rxc8 22. Nc4 Rd8 23. Kf2 Ra6 24. Rd2 Nb6 25. Nxb6 Rxb6 26. Bc4 Be8 27.
Be2 Rb3 28. Bc4 Rb6 29. Be2 Rb3 30. Bc4 1/2-1/2

[Event "BL 0708 Solinger SG - Erfurter SK"]
[Site "?"]
[Date "2007.12.09"]
[Round "6.5"]
[White "Machelett, Heiko"]
[Black "Hoffmann, Michael"]
[Result "1/2-1/2"]
[WhiteElo "2430"]
[BlackElo "2471"]
[PlyCount "45"]
[EventDate "2007.??.??"]

1. d4 Nf6 2. Nf3 e6 3. e3 c5 4. Bd3 b6 5. O-O Bb7 6. c4 Be7 7. Nc3 cxd4 8. exd4
d5 9. cxd5 Nxd5 10. Ne5 O-O 11. Qg4 Nf6 12. Qh4 Ne4 13. Qh3 Qxd4 14. Bf4 Nf6
15. Ne2 Qa4 16. Rad1 Ba6 17. b3 Qe8 18. Nc4 Bxc4 19. Bxc4 a6 20. Nd4 Nc6 21.
Nf3 Nb4 22. Rfe1 b5 23. Bxe6 1/2-1/2

[Event "BL 0708 Solinger SG - Erfurter SK"]
[Site "?"]
[Date "2007.12.09"]
[Round "6.6"]
[White "Ragger, Markus"]
[Black "Mueller, Matthias"]
[Result "1-0"]
[WhiteElo "2528"]
[BlackElo "2405"]
[PlyCount "51"]
[EventDate "2007.??.??"]

1. e4 e5 2. Nf3 Nc6 3. Bb5 a6 4. Ba4 Nf6 5. O-O Be7 6. Re1 b5 7. Bb3 d6 8. c3
O-O 9. h3 Na5 10. Bc2 c5 11. d4 Qc7 12. Nbd2 Bd7 13. Nf1 Nc4 14. d5 g6 15. Ng3
Rfe8 16. Nh2 Bf8 17. b3 Nb6 18. f4 exf4 19. Bxf4 Bg7 20. Qf3 Bc8 21. Rf1 Nbd7
22. Ng4 Rf8 23. Nh6+ Kh8 24. Bg5 Qd8 25. Qf4 Qe7 26. Ng4 1-0

[Event "BL 0708 Solinger SG - Erfurter SK"]
[Site "?"]
[Date "2007.12.09"]
[Round "6.7"]
[White "Enders, Peter"]
[Black "Ernst, Sipke"]
[Result "0-1"]
[WhiteElo "2441"]
[BlackElo "2539"]
[PlyCount "106"]
[EventDate "2007.??.??"]

1. e4 e5 2. Nf3 Nc6 3. Bb5 a6 4. Ba4 d6 5. Bxc6+ bxc6 6. d4 f6 7. O-O Ne7 8. c4
Bg4 9. Be3 exd4 10. Bxd4 c5 11. Bc3 Qd7 12. h3 Be6 13. Nbd2 Ng6 14. Nh2 Ne5 15.
Qe2 g5 16. a3 Bg7 17. f4 gxf4 18. Rxf4 O-O 19. Raf1 f5 20. exf5 Bxf5 21. Qe3
Rae8 22. Qg3 Bg6 23. Rxf8+ Rxf8 24. Rxf8+ Kxf8 25. Nhf3 Nc6 26. Nh4 Bxc3 27.
bxc3 Kg7 28. Qf4 Qe6 29. Nxg6 hxg6 30. Qe4 Ne5 31. Kh2 Qf7 32. Kg3 a5 33. Qf4
Qe6 34. Kh2 Nd3 35. Qg5 a4 36. h4 Ne5 37. Qf4 Ng4+ 38. Kg3 Ne3 39. Kh2 Ng4+ 40.
Kg3 Ne3 41. Kh2 Nf5 42. Nf3 Qe3 43. Qxe3 Nxe3 44. Nd2 Nc2 45. Nb1 Ne3 46. Nd2
Kf6 47. Kg3 Nc2 48. Nb1 Kf5 49. Kh3 Ne3 50. Nd2 Kf4 51. Kh2 Nc2 52. Nb1 Kg4 53.
g3 c6 0-1

[Event "BL 0708 Solinger SG - Erfurter SK"]
[Site "?"]
[Date "2007.12.09"]
[Round "6.8"]
[White "Gabriel, Christian"]
[Black "Voekler, Bernd"]
[Result "1-0"]
[WhiteElo "2508"]
[BlackElo "2371"]
[PlyCount "63"]
[EventDate "2007.??.??"]

1. d4 Nf6 2. c4 d6 3. Nf3 g6 4. Nc3 Bg7 5. e4 O-O 6. Be2 e5 7. d5 a5 8. h3 Na6
9. Bg5 c6 10. O-O h6 11. Be3 Nh5 12. Qd2 cxd5 13. Nxd5 Nc5 14. Nc3 Nf6 15. Bd3
Qe7 16. Rfd1 Kh7 17. Bc2 Ra6 18. a3 Be6 19. b4 Ncd7 20. Bd3 Rc8 21. Nd5 Bxd5
22. cxd5 Raa8 23. Qe2 axb4 24. axb4 Rxa1 25. Rxa1 Nxd5 26. exd5 e4 27. Bd4 Ne5
28. Nxe5 exd3 29. Qg4 Rc2 30. Nf3 d2 31. Rf1 Qe2 32. Ng5+ 1-0